| 000 | 00000nas 2200000za 4500 |
| 001 | 9.842419 |
| 003 | CaOODSP |
| 005 | 20221107152324 |
| 007 | cr ||||||||||| |
| 008 | 170825d19801991oncar p oss f0###a0eng|d |
| 022 | |y0228-5134 |
| 040 | |aCaOODSP|beng |
| 041 | |aeng|afre |
| 043 | |an-cn--- |
| 086 | 1 |aCS11-207-PDF |
| 110 | 1 |aCanada.|bStatistics Canada.|bLibrary. |
| 245 | 10|aListing of supplementary documents |h[electronic resource] = |bListe de documents supplémentaires. |
| 246 | 11|aListe de documents supplémentaires |
| 260 | |aOttawa : |bStatistics Canada, Library = Statistique Canada, Bibliothèque, |cc1981-1991. |
| 310 | |aAnnual |
| 362 | 0 |a1980-1991. |
| 500 | |aDigitized edition from print [produced by Statistics Canada]. |
| 515 | |aIssues for 1987-1990 not published. |
| 520 | |aThis publication provides a listing of Statistics Canada research papers which are not covered in the Statistics Canada Catalogue. The current edition is a revised cumulation which includes more than 400 new items and replaces and updates previous editions. |
| 546 | |aText in English and French. |
| 550 | |aIssued 1991 by Library Services Division. |
| 692 | 07|2gccst|aStatistics |
| 692 | 07|2gccst|aPublishing |
| 710 | 1 |aCanada.|bStatistics Canada. |bLibrary Services Division. |
| 792 | |tListing of supplementary documents |efre|w(CaOODSP)9.842420 |